| 000 | 00510nam a2200217Ia 4500 | ||
|---|---|---|---|
| 003 | OSt | ||
| 005 | 20221005120450.0 | ||
| 006 | a|||||r|||| 00| 0 | ||
| 007 | ta | ||
| 008 | 221004b |||||||| |||| 00| 0 eng d | ||
| 024 | _a54441 | ||
| 037 | _cTextual | ||
| 040 |
_aCRL _cCRL _beng |
||
| 041 |
_2eng _aeng |
||
| 082 | _aT.2.N65, K9.1 | ||
| 245 | 0 | _aEducation in India 1964-65 | |
| 260 | _c1969 | ||
| 650 | _aEDUCATION | ||
| 942 |
_hT.2.N65, K9.1 _cTEXL _2cc |
||
| 999 |
_c1038138 _d1038138 |
||